[Event "Graz op A"]
[Site "Graz"]
[Date "2001.09.06"]
[Round "6.31"]
[White "Nickl, Klaus"]
[Black "Valent, Peter"]
[Result "1/2-1/2"]
[WhiteElo "2233"]
[BlackElo "2058"]
[PlyCount "78"]


1. d4 Nf6 2. Nf3 e6 3. e3 d5 4. Bd3 c5 5. c3 Nbd7 6. Nbd2 Bd6 7. O-O O-O 8. e4
cxd4 9. Nxd4 Nc5 10. Qe2 Nxd3 11. Qxd3 Bf4 12. exd5 Qxd5 13. Qf3 e5 14. Qxd5
Nxd5 15. Ne2 Bg5 16. Nc4 Bxc1 17. Raxc1 b6 18. Rfd1 Bb7 19. Nd6 Bc6 20. c4 Ne7
21. Nc3 Rad8 22. b4 f5 23. b5 Ba8 24. a4 Rd7 25. c5 bxc5 26. Nc4 Rxd1+ 27. Rxd1
Ng6 28. Rd7 Rf7 29. Rxf7 Kxf7 30. Nd6+ Ke6 31. Nc8 Nf4 32. Nxa7 Nd5 33. Ne2 Nb6
34. a5 { } 34... Nc4 35. a6 Nb6 36. f4 e4 37. Nc3 Kd6 38. Kf2 Kc7 39. Ke3 Kb8
1/2-1/2

[Event "Graz op A"]
[Site "Graz"]
[Date "2001.09.06"]
[Round "6.32"]
[White "Spirk, Stefan"]
[Black "Hatzl, Stefan"]
[Result "1/2-1/2"]
[WhiteElo "2080"]
[BlackElo "2119"]
[PlyCount "69"]


1. c4 e6 2. Nf3 d5 3. g3 c5 4. d4 Nc6 5. Bg2 Nf6 6. O-O Be7 7. cxd5 exd5 8. Nc3
O-O 9. dxc5 Bxc5 10. Bg5 d4 11. Bxf6 Qxf6 12. Nd5 Qd8 13. Nd2 Ne7 14. Nxe7+
Bxe7 15. Nb3 Bf6 16. Qd2 Qb6 17. Rfd1 Rd8 18. Qa5 Bg4 19. Qxb6 axb6 20. Bxb7
20... Bxe2 { } 21. Bxa8 Bxd1 22. Rxd1 Rxa8 23. Nc1 Rc8 24. Nd3 Rc2 25. Rc1
Rxc1+ 26. Nxc1 Kf8 27. Kf1 Ke7 28. Ke2 Kd6 29. Kd3 Kd5 30. Ne2 g6 31. f3 Bg7
32. b3 Bh8 33. a3 Bg7 34. Nf4+ Kc6 35. Ne2 1/2-1/2

[Event "Graz op A"]
[Site "Graz"]
[Date "2001.09.06"]
[Round "6.34"]
[White "Schrey, Stefan"]
[Black "Rodriguez, Jean_Pierre"]
[Result "1-0"]
[WhiteElo "2095"]
[BlackElo "2055"]
[PlyCount "173"]


1. d4 Nf6 2. Nf3 e6 3. c4 Bb4+ 4. Bd2 Qe7 5. a3 Bxd2+ 6. Nbxd2 b6 7. e4 Bb7 8.
Bd3 d6 9. O-O Nbd7 10. Qe2 O-O 11. Rfd1 e5 12. d5 Nh5 13. b4 Nf4 14. Qe3 Nxd3
15. Qxd3 Rae8 16. Ne1 Qg5 17. Rac1 f5 18. exf5 Qxf5 19. Qxf5 Rxf5 20. Ne4 Ref8
21. Nd3 Ba6 22. f3 Nf6 23. Ndf2 Bb7 24. Nxf6+ R5xf6 25. Ne4 Rg6 26. Kf2 Rg4 27.
Re1 h6 28. h3 Rgf4 29. Ke3 R8f7 30. Red1 Rd7 31. Rd2 Kf8 32. Rcd1 Ba6 33. c5
Bc4 34. cxd6 cxd6 35. Rc1 b5 36. a4 a6 37. axb5 axb5 38. Ra1 Ke7 39. Ra6 Rf8
40. g3 Rc8 41. f4 exf4+ 42. gxf4 Bf1 43. h4 Rc1 44. Ng3 Rc3+ 45. Kf2 Bh3 46.
Re2+ Kd8 47. Ne4 Rcc7 48. Nxd6 Re7 49. Ra8+ Kd7 50. Rxe7+ Kxe7 51. Nxb5 Rc4 52.
d6+ Kd7 53. Ra4 Bf5 54. Ke3 Re4+ 55. Kf3 Rc4 56. Kg3 g6 57. Kf3 h5 58. Kg3 Kc6
59. Nd4+ Kxd6 60. Nxf5+ gxf5 61. Ra6+ Ke7 62. b5 Rb4 63. Rb6 Kf7 64. Rb7+ Kg6
65. b6 Kf6 66. Rb8 Kg6 67. b7 Kg7 68. Kf3 Kh7 69. Ke3 Kg7 70. Kd3 Kh7 71. Kc3
Rb1 72. Kd4 Rb5 73. Kc4 Rb1 74. Kd5 Kg7 75. Ke5 Rb5+ 76. Ke6 Kh7 77. Kf6 { }
77... Rb6+ 78. Kxf5 Rb5+ 79. Kf6 Rb6+ 80. Ke7 Rb1 81. f5 Re1+ 82. Kf6 Rb1 83.
Kf7 Rb5 84. f6 Rb1 85. Ke7 Re1+ 86. Kf8 Rb1 87. Re8 1-0

[Event "Graz op A"]
[Site "Graz"]
[Date "2001.09.07"]
[Round "7.1"]
[White "Stanec, Nikolaus"]
[Black "Burmakin, Vladimir"]
[Result "0-1"]
[WhiteElo "2530"]
[BlackElo "2593"]
[PlyCount "70"]


1. c4 e6 2. Nf3 d5 3. b3 Nf6 4. Bb2 Nbd7 5. g3 c6 6. Bg2 b5 7. cxb5 cxb5 8. O-O
Bb7 9. d3 Bc5 10. a3 a5 11. Nd4 Qb6 12. e3 O-O 13. Nd2 b4 14. axb4 axb4 15. f4
Rxa1 16. Bxa1 e5 17. fxe5 Nxe5 18. N2f3 Nfg4 19. Qd2 Re8 20. Nh4 Ng6 21. Nhf5 {
} 21... Nxe3 22. Re1 Nxf5 23. Rxe8+ Nf8 24. Kh1 Nxd4 25. Bxd4 Bxd4 26. Qf4 Bc5
27. Qb8 Bd6 28. Qd8 Qc6 29. h4 h5 30. d4 g6 31. Bf1 Kg7 32. Bd3 Qc7 33. Kg2
Qxd8 34. Rxd8 Bc7 35. Re8 Ne6 0-1

[Event "Graz op A"]
[Site "Graz"]
[Date "2001.09.07"]
[Round "7.2"]
[White "Epishin, Vladimir"]
[Black "Krivoshey, Sergei"]
[Result "1/2-1/2"]
[WhiteElo "2583"]
[BlackElo "2449"]
[PlyCount "64"]


1. d4 Nf6 2. c4 c5 3. d5 b5 4. cxb5 a6 5. bxa6 g6 6. Nc3 Bxa6 7. g3 d6 8. Bg2
Bg7 9. Nf3 Nbd7 10. Rb1 O-O 11. b3 Qa5 12. Bd2 Rfb8 13. O-O Ne8 14. Qc2 Qa3 15.
Bc1 Qa5 16. Bb2 c4 17. Rfd1 Nc5 18. Ba1 Rb4 19. Nd2 cxb3 20. axb3 Nc7 21. Bf1
Bc8 22. e4 { } 22... Qa7 23. Na4 Nxa4 24. Bxg7 Kxg7 25. bxa4 Rxa4 26. Qc3+ Kg8
27. Rdc1 Ne8 28. Nc4 Ra2 29. Nb6 Rb8 30. Qe3 Ba6 31. Bxa6 Rxa6 32. Nc4 Rxb1
1/2-1/2

[Event "Graz op A"]
[Site "Graz"]
[Date "2001.09.07"]
[Round "7.3"]
[White "Pavasovic, Dusko"]
[Black "Teske, Henrik"]
[Result "1/2-1/2"]
[WhiteElo "2539"]
[BlackElo "2486"]
[PlyCount "113"]


1. e4 c6 2. d4 d5 3. Nc3 b5 4. e5 e6 5. Nf3 Ne7 6. Bd3 b4 7. Na4 Ba6 8. Nc5 Qb6
9. a3 Bxd3 10. Qxd3 Nc8 11. axb4 Qxb4+ 12. Bd2 Qb6 13. Qc3 Be7 14. O-O O-O 15.
Bg5 Bxc5 16. dxc5 Qc7 17. Ra4 Ne7 18. h4 h6 19. Bxe7 Qxe7 20. Rfa1 Rc8 21. b4
Rc7 22. Qd4 Nd7 23. Qf4 Qe8 24. c3 Qb8 25. Ra6 Rc8 26. Qe3 Qc7 27. g3 Kh8 28.
Kg2 Kg8 29. Qe2 Qb8 30. R6a5 Qb7 31. Nd4 Nb8 32. Re1 Qd7 33. h5 Re8 34. f4 a6
35. Qg4 Kh8 36. f5 exf5 37. Nxf5 Rg8 38. Qf4 Kh7 39. Nd4 Ra7 40. e6 fxe6 41.
Rxe6 Re8 42. Qe5 Rxe6 43. Nxe6 Qf7 44. Ra2 Nd7 45. Qd6 Nf6 46. Nf8+ Kg8 47. Ng6
Qe8 48. Qe5 48... Qd8 { } 49. Rf2 Kf7 50. Qe2 Qc8 51. Qf3 Kg8 52. Qf4 Rf7 53.
Qf5 Qxf5 54. Rxf5 Nd7 55. Rf3 Rxf3 56. Kxf3 Kf7 57. Ke3 1/2-1/2

[Event "Graz op A"]
[Site "Graz"]
[Date "2001.09.07"]
[Round "7.4"]
[White "Galdunts, Sergey"]
[Black "Zelcic, Robert"]
[Result "1-0"]
[WhiteElo "2514"]
[BlackElo "2534"]
[PlyCount "129"]


1. e4 c6 2. d4 d5 3. e5 c5 4. dxc5 Nc6 5. Nf3 Bg4 6. Bb5 Qa5+ 7. Nc3 e6 8. Be3
Nge7 9. a3 O-O-O 10. b4 Bxf3 11. gxf3 Qc7 12. Bxc6 Nxc6 13. Bd4 a6 14. f4 f6
15. h4 Be7 16. Qd3 fxe5 17. fxe5 Nxe5 18. Qh3 Kb8 19. O-O-O Rhe8 20. Rhe1 Bf6
21. Kb1 Ng6 22. Bxf6 gxf6 23. Ne2 e5 24. h5 Ne7 25. Rg1 Nc6 26. h6 Re7 27. Qf3
d4 28. Ng3 Red7 29. Ne4 Rf8 30. Nd6 f5 31. Qd5 Rfd8 32. Rg5 Na7 33. Rxf5 Nc8
34. Rf6 Nxd6 35. cxd6 Rxd6 36. Qxe5 Rxf6 37. Qxf6 Rc8 38. Rd2 Qc3 39. Qxd4 Qxa3
40. Rd3 Qa4 41. Rc3 Re8 42. Kb2 Re1 43. Ra3 Qc6 44. Rg3 Re8 45. Qf4+ Ka7 46.
Re3 Rd8 47. Re7 Rc8 48. Qe3+ Ka8 49. c3 Qg6 50. Re6 Qf7 51. f4 Qh5 52. Qe4 Qb5
{ } 53. Re7 53... Rd8 54. Rxh7 a5 55. Qe5 Rd2+ 56. Kc1 Rd5 57. Rh8+ Ka7 58.
Qe3+ b6 59. Rh7+ Ka6 60. Re7 Qf1+ 61. Kb2 axb4 62. cxb4 Rd6 63. Qa3+ Kb5 64.
Re5+ Kc6 65. Qa4+ 1-0

[Event "Graz op A"]
[Site "Graz"]
[Date "2001.09.07"]
[Round "7.5"]
[White "Farago, Ivan"]
[Black "Konopka, Michal"]
[Result "1/2-1/2"]
[WhiteElo "2504"]
[BlackElo "2479"]
[PlyCount "28"]


1. d4 e6 2. c4 b6 3. a3 Bb7 4. Nc3 g6 5. e4 Bg7 6. Nf3 Ne7 7. Bd3 d6 8. O-O Nd7
9. Be3 h6 10. Qd2 g5 11. d5 Ng6 12. Nd4 Qe7 13. Be2 O-O 14. Rac1 Nde5 1/2-1/2

[Event "Graz op A"]
[Site "Graz"]
[Date "2001.09.07"]
[Round "7.6"]
[White "Eingorn, Vereslav"]
[Black "Hoellrigl, Wilfried"]
[Result "1-0"]
[WhiteElo "2598"]
[BlackElo "2196"]
[PlyCount "135"]


1. c4 Nf6 2. Nc3 g6 3. g3 Bg7 4. Bg2 d6 5. d4 O-O 6. h3 Nbd7 7. e4 e5 8. d5 a5
9. Nge2 Nc5 10. Be3 b6 11. O-O Ne8 12. Qd2 f5 13. exf5 Bxf5 14. b3 Nf6 15. Rad1
h5 16. f3 Bd3 17. Rfe1 Bxe2 18. Nxe2 Qd7 19. Qc2 Qf5 20. Qxf5 gxf5 { } 21. f4
21... exf4 22. Nxf4 Bh6 23. Ne6 Bxe3+ 24. Rxe3 Rae8 25. Rde1 Nxe6 26. dxe6 Re7
27. Rf1 Ne8 28. Bd5 Ng7 29. Ref3 Rf6 30. Kh2 Rg6 31. a3 Kh7 32. b4 axb4 33.
axb4 c6 34. Bxc6 Rexe6 35. R1f2 Re7 36. Bd5 Kh6 37. Ra3 Re5 38. b5 Ne8 39. Bc6
Nf6 40. Ra6 Re3 41. Rxb6 Ne4 42. Bxe4 fxe4 43. Rc6 Rd3 44. Re2 e3 45. Kg2 Rf6
46. Ra6 Rb3 47. h4 Kg6 48. Ra8 d5 49. cxd5 Rxb5 50. Rg8+ Kh6 51. Rd8 Rb3 52.
Re8 Rd3 53. Re5 Rd2 54. R5xe3 Rxd5 55. Re8 Kg7 56. Rb8 Rd3 57. Re7+ Rf7 58. Re5
Rff3 59. Rg5+ Kf7 60. Rh8 Rfe3 61. Rhxh5 Re2+ 62. Kh3 Rdd2 63. Rf5+ Kg6 64.
Rhg5+ Kh6 65. Rf6+ Kh7 66. Kg4 Rd4+ 67. Kh5 Rh2 68. Rh6# 1-0

[Event "Graz op A"]
[Site "Graz"]
[Date "2001.09.07"]
[Round "7.7"]
[White "Babula, Vlastimil"]
[Black "Tratar, Marko"]
[Result "1-0"]
[WhiteElo "2566"]
[BlackElo "2416"]
[PlyCount "65"]


1. d4 Nf6 2. c4 g6 3. Nc3 Bg7 4. e4 d6 5. Nf3 O-O 6. Be2 e5 7. O-O Nc6 8. d5
Ne7 9. b4 a5 10. Ba3 axb4 11. Bxb4 b6 12. a4 Re8 13. Qd3 Bf8 14. Rfd1 Nd7 15.
Qb1 f5 16. a5 Nc5 17. axb6 Rxa1 18. Qxa1 cxb6 19. Qa7 Bd7 20. Bxc5 bxc5 21. Rb1
Nc8 22. Qa6 fxe4 23. Nxe4 Bf5 24. Bd3 Bh6 25. Rb8 Rf8 26. h4 Qc7 27. Rb7 Qd8
28. Bb1 Bxe4 29. Bxe4 Qf6 30. Qc6 Ne7 31. Qd7 31... Rf7 { } 32. Qe6 Kg7 33. g4
1-0

[Event "Graz op A"]
[Site "Graz"]
[Date "2001.09.07"]
[Round "7.8"]
[White "Zoister, Stefan"]
[Black "Polak, Tomas"]
[Result "0-1"]
[WhiteElo "2147"]
[BlackElo "2481"]
[PlyCount "82"]


1. e4 c5 2. Nf3 d6 3. d4 cxd4 4. Nxd4 Nf6 5. Nc3 a6 6. Be3 e6 7. f3 Be7 8. Qd2
O-O 9. O-O-O b5 10. g4 Nbd7 11. Nce2 Ne5 12. Ng3 Bb7 13. f4 Nexg4 14. Rg1 g6
15. Bh3 Nxe3 16. Qxe3 Nd7 17. Qe2 Nc5 18. Kb1 Kh8 19. f5 exf5 20. Ndxf5 Ne6 21.
Nxd6 Bxd6 22. e5 { } 22... Qh4 23. Bxe6 Bc5 24. Bb3 Bxg1 25. Rxg1 Rae8 26. Rf1
Qg5 27. Re1 h5 28. a4 bxa4 29. Bxa4 Re7 30. Nf1 Rd8 31. Bb3 Qf4 32. e6 fxe6 33.
Ne3 e5 34. Nc4 Bf3 35. Nxe5 Bxe2 36. Nxg6+ Kg7 37. Nxf4 Rd1+ 38. Rxd1 Bxd1 39.
Kc1 Bf3 40. Kd2 Kh6 41. Bc4 Re4 0-1

[Event "Graz op A"]
[Site "Graz"]
[Date "2001.09.07"]
[Round "7.9"]
[White "Okhotnik, Vladimir"]
[Black "Havlicek, Josef"]
[Result "1-0"]
[WhiteElo "2446"]
[BlackElo "2144"]
[PlyCount "47"]


1. d4 d5 2. c4 e6 3. Nf3 Nf6 4. g3 c6 5. Qc2 Be7 6. Bg2 O-O 7. O-O Na6 8. Nbd2
b6 9. e4 Nb4 10. Qb1 dxc4 11. Nxc4 Ba6 12. b3 c5 13. a3 Nc6 14. dxc5 Bxc5 15.
e5 Nd5 16. Ng5 g6 17. Ne4 Kg7 18. Bg5 Be7 19. Bf6+ Bxf6 20. exf6+ Kh8 21. Rd1
Rc8 22. Qc1 Rg8 23. Ncd6 Rc7 { } 24. Qxc6 1-0

[Event "Graz op A"]
[Site "Graz"]
[Date "2001.09.07"]
[Round "7.10"]
[White "Wegerer, Fred"]
[Black "Rogulj, Branko"]
[Result "0-1"]
[WhiteElo "2230"]
[BlackElo "2460"]
[PlyCount "160"]


1. Nf3 Nf6 2. d4 c5 3. e3 e6 4. Nbd2 Nc6 5. Bd3 d5 6. c3 Qc7 7. O-O Bd7 8. a3
cxd4 9. cxd4 a5 10. e4 Be7 11. Re1 O-O 12. Bb1 Rac8 13. exd5 exd5 14. Nf1 Bg4
15. Bg5 h6 16. Bh4 Rfe8 17. Ne3 Bxf3 18. gxf3 g6 19. Bxf6 Bxf6 20. Nxd5 Rxe1+
21. Qxe1 Qd6 22. Nxf6+ Qxf6 23. d5 Nd4 24. Be4 Nxf3+ 25. Bxf3 Qxf3 26. Qd1 Qf4
27. Qd3 Qg4+ 28. Kf1 Qc4 29. Qxc4 Rxc4 30. Rd1 Kf8 31. Rd3 a4 32. b3 axb3 33.
Rxb3 Rd4 34. Rb5 Ra4 35. Rxb7 Rxa3 36. Ke2 36... Ra5 { } 37. Rd7 Ke8 38. Rd6
Ke7 39. Rb6 Rxd5 40. Kf3 Rd3+ 41. Kg2 Rd6 42. Rb8 Kf6 43. Rb7 Re6 44. Ra7 g5
45. Kg3 Re4 46. Ra6+ Kg7 47. Rb6 h5 48. h3 f6 49. Ra6 Kg6 50. Rb6 Kf5 51. Ra6
Re5 52. Ra4 h4+ 53. Kf3 Rc5 54. Ra3 Rc4 55. Ra5+ Kg6 56. Ra3 Rf4+ 57. Kg2 Rf5
58. Ra8 Rd5 59. Ra6 Kf5 60. Rb6 Ke5 61. Rb3 Rd4 62. Ra3 f5 63. Ra8 Kf4 64. Rf8
Rd3 65. Rf7 g4 66. hxg4 h3+ 67. Kh2 Kxg4 68. Rh7 f4 69. Rh8 Rd2 70. Kg1 Rd1+
71. Kh2 Rf1 72. Ra8 Rxf2+ 73. Kh1 Re2 74. Rg8+ Kf3 75. Rh8 Kg3 76. Rg8+ Kf2 77.
Rh8 f3 78. Rxh3 Re7 79. Rh8 Ke2 80. Ra8 Rh7+ 0-1

[Event "Graz op A"]
[Site "Graz"]
[Date "2001.09.07"]
[Round "7.11"]
[White "Bogdanov, Valentin"]
[Black "Hansen, Kay"]
[Result "1/2-1/2"]
[WhiteElo "2384"]
[BlackElo "2236"]
[PlyCount "91"]


1. d4 d5 2. c4 c6 3. Nf3 Nf6 4. Nc3 e6 5. e3 Nbd7 6. Qc2 Bd6 7. Be2 O-O 8. O-O
dxc4 9. Bxc4 e5 10. h3 Qe7 11. a3 h6 12. Nh4 { } 12... Nb6 13. Ng6 Qc7 14. dxe5
Bxe5 15. Nxe5 Qxe5 16. Bd3 Be6 17. f4 Qc7 18. e4 Bc4 19. e5 Bxd3 20. Qxd3 Rad8
21. Qf3 Nfd5 22. Be3 Nc4 23. Nxd5 Rxd5 24. Rac1 Nxe3 25. Qxe3 a5 26. Rce1 Re8
27. Qg3 Qd8 28. Kh2 b5 29. Qf3 Qd7 30. Rd1 Rd8 31. Rxd5 Qxd5 32. Qg4 c5 33. Rf3
Qe6 34. Qxe6 fxe6 35. Rc3 Rd2 36. Rxc5 Rxb2 37. a4 bxa4 38. Rxa5 Rb4 39. Kg3 g5
40. fxg5 hxg5 41. Ra7 Re4 42. Kf3 Rxe5 43. Kg4 Re2 44. g3 Re3 45. Ra5 Kf7 46.
Rxa4 1/2-1/2

[Event "Graz op A"]
[Site "Graz"]
[Date "2001.09.07"]
[Round "7.12"]
[White "Wittmann, Walter"]
[Black "Aschenbrenner, Robert"]
[Result "1-0"]
[WhiteElo "2352"]
[BlackElo "2221"]
[PlyCount "83"]


1. e4 c5 2. Nc3 Nc6 3. Bb5 g6 4. Bxc6 bxc6 5. d3 d6 6. Nge2 Nh6 7. O-O Bg7 8.
h3 O-O 9. Be3 f5 10. Qd2 Nf7 11. f4 c4 12. exf5 cxd3 13. Nd4 gxf5 14. Nxc6 Qd7
15. Nd4 dxc2 16. Qxc2 Ba6 17. Rfe1 Nd8 18. Rad1 Kh8 19. Bf2 Rc8 20. Nf3 Bb7 21.
Qe2 e6 22. Ng5 Rf6 23. Bd4 Rg6 24. Bxg7+ Qxg7 25. Rxd6 Nf7 26. Rxe6 Qd4+ 27.
Qe3 Qd7 28. Re7 Qc6 29. Nxf7+ 29... Kg8 { } 30. Nh6+ Rxh6 31. Re8+ Rxe8 32.
Qxe8+ Qxe8 33. Rxe8+ Kf7 34. Re2 Rd6 35. Kf2 Rg6 36. g3 Rd6 37. Rc2 Rd3 38. Ne2
Rd7 39. b3 Be4 40. Rc3 Kg6 41. g4 Rd2 42. a4 1-0

[Event "Graz op A"]
[Site "Graz"]
[Date "2001.09.07"]
[Round "7.13"]
[White "Titz, Heimo"]
[Black "Spiesberger, Gerhard"]
[Result "1-0"]
[WhiteElo "2282"]
[BlackElo "2042"]
[PlyCount "83"]


1. c4 Nf6 2. Nf3 g6 3. Nc3 Bg7 4. e4 d6 5. d4 O-O 6. Be2 e5 7. Be3 Nc6 8. d5
Ne7 9. Nd2 Nd7 10. O-O f5 11. f3 f4 12. Bf2 g5 13. b4 Ng6 14. c5 Nf6 15. Nc4 h5
16. h3 Qd7 17. a4 Ne8 18. cxd6 Nxd6 19. Nxd6 cxd6 20. Rc1 a6 21. a5 Bf6 22. Na4
Bd8 23. Nb6 Bxb6 24. Bxb6 Qg7 25. Rc7 Qf6 26. b5 Rd8 27. bxa6 bxa6 28. Qa4 Ne7
29. Rfc1 Qf8 30. Qd1 Qe8 31. Qf1 31... h4 { } 32. Ra7 Rxa7 33. Bxa7 Qa4 34. Bb6
Rd7 35. Bxa6 Bxa6 36. Qxa6 Qa3 37. Qc4 Kf7 38. Kh1 Qb2 39. Bg1 Rd8 40. a6 Qb8
41. Qc7 Qa8 42. Qb7 1-0

[Event "Graz op A"]
[Site "Graz"]
[Date "2001.09.07"]
[Round "7.14"]
[White "Karner, Christoph"]
[Black "Raffalt, Manfred"]
[Result "1/2-1/2"]
[WhiteElo "2240"]
[BlackElo "2171"]
[PlyCount "99"]


1. d4 e6 2. Nf3 f5 3. e4 fxe4 4. Ng5 Nf6 5. f3 e3 6. Bxe3 Be7 7. Nc3 d5 8. f4
O-O 9. Qd2 a6 10. O-O-O b5 11. g3 Nc6 12. Re1 Na5 13. Nd1 Nc4 14. Qe2 Bb4 15.
c3 Ba5 16. Bd2 Nxd2 17. Qxd2 Qd6 18. Bd3 b4 19. Qc2 h6 20. Nh7 Nxh7 21. Bxh7+
Kh8 22. cxb4 Qxb4 23. Nf2 Qc4 24. Re3 Qxd4 25. Ra3 Bb4 26. Rb3 Bd7 27. Ng4 Bd6
28. Rc3 Rab8 29. Bg6 c5 30. Qe2 c4 31. Bb1 a5 32. Qc2 Rf5 33. Ne3 Bb4 34. Nxf5
exf5 35. Rd1 Qc5 36. Rf3 Qc6 37. Re3 { } 37... d4 38. Rxd4 Bc5 39. Qd2 Bxd4 40.
Qxd4 Qh1+ 41. Qd1 Qxd1+ 42. Kxd1 Rxb2 43. Kc1 Rb5 44. Re7 Rd5 45. Kc2 Kg8 46.
Kc3 Kf8 47. Re2 Rc5 48. a3 Kf7 49. Bc2 Be6 50. Rd2 1/2-1/2

[Event "Graz op A"]
[Site "Graz"]
[Date "2001.09.07"]
[Round "7.15"]
[White "Krebs, Johann"]
[Black "Kupreichik, Viktor D"]
[Result "0-1"]
[WhiteElo "2208"]
[BlackElo "2443"]
[PlyCount "64"]


1. d4 Nf6 2. c4 g6 3. g3 Bg7 4. Bg2 O-O 5. Nc3 d6 6. Nf3 Nc6 7. d5 Na5 8. Nd2
c6 9. Qc2 cxd5 10. cxd5 Qc7 11. O-O Bd7 12. Qd3 Rfc8 13. h3 Rab8 14. a4 a6 15.
Ra3 b5 16. axb5 axb5 17. b4 Nc4 18. Nxc4 bxc4 19. Qb1 Qb7 20. b5 Bxb5 21. Be3
Bd7 22. Ra7 { } 22... Qxa7 23. Bxa7 Rxb1 24. Rxb1 Ne8 25. Rc1 Nc7 26. Be3 Nb5
27. Nxb5 Bxb5 28. Be4 c3 29. Kf1 f5 30. Bd3 Bxd3 31. exd3 c2 32. Re1 Bc3 0-1

[Event "Graz op A"]
[Site "Graz"]
[Date "2001.09.07"]
[Round "7.17"]
[White "Kainrath, Florian"]
[Black "Niklasch, Oliver"]
[Result "0-1"]
[WhiteElo "2128"]
[BlackElo "2349"]
[PlyCount "128"]


1. e4 c5 2. Nf3 e6 3. d4 cxd4 4. c3 Nf6 5. e5 Nd5 6. cxd4 d6 7. Nc3 Nxc3 8.
bxc3 Qc7 9. Qb3 Nd7 10. exd6 Bxd6 11. Ba3 O-O 12. Bd3 Bxa3 13. Qxa3 b6 14. Be4
Rb8 15. O-O Nf6 16. Bd3 Bb7 17. Ne5 Nd5 18. f4 f6 19. c4 19... Ne3 { } 20.
Bxh7+ Kxh7 21. Qxe3 fxe5 22. Qh3+ Kg8 23. Qxe6+ Qf7 24. Qxf7+ Rxf7 25. fxe5
Rxf1+ 26. Rxf1 Ba6 27. Rc1 Rc8 28. c5 Kf7 29. Rc3 bxc5 30. dxc5 Ke6 31. Rg3 Kf7
32. Rf3+ Kg8 33. Ra3 Rc6 34. Kf2 Bc4 35. Ke3 Rxc5 36. Kd4 Rc8 37. Rxa7 Be6 38.
Ra6 Kf7 39. Ra7+ Kf8 40. Ra6 Ke7 41. Ra7+ Bd7 42. g4 Rc2 43. h4 Rg2 44. Kd5
Rd2+ 45. Ke4 Kf8 46. Ra8+ Kf7 47. Ra7 Kg8 48. Kf4 Be6 49. Ra4 Bxa2 50. Kg5 Be6
51. Ra6 Kf7 52. Ra4 Rg2 53. Rf4+ Ke7 54. Kg6 Bxg4 55. Kxg7 Bf5+ 56. Kh6 Rg6+
57. Kh5 Ke6 58. Ra4 Rg8 59. Ra5 Bd3 60. Kh6 Rg6+ 61. Kh5 Kf5 62. e6+ Kf6 63.
Ra2 Bf5 64. Rf2 Rg8 0-1

[Event "Graz op A"]
[Site "Graz"]
[Date "2001.09.07"]
[Round "7.18"]
[White "Fauland, Peter"]
[Black "Halser, Walter"]
[Result "1/2-1/2"]
[WhiteElo "2270"]
[BlackElo "2119"]
[PlyCount "33"]


1. d4 d5 2. Nf3 Nf6 3. h3 h6 4. g4 c5 5. Bg2 cxd4 6. c3 dxc3 7. Nxc3 e6 8. O-O
Nc6 9. Bf4 a6 10. Rc1 Be7 11. Qd2 Bd7 12. Rfd1 Bb4 13. a3 Ne4 14. Qd3 Nxc3 15.
bxc3 Bxa3 16. Ra1 Be7 17. e4 1/2-1/2

[Event "Graz op A"]
[Site "Graz"]
[Date "2001.09.07"]
[Round "7.20"]
[White "Pesorda, Ivan"]
[Black "Senoner, Erich Jun"]
[Result "1-0"]
[WhiteElo "2248"]
[BlackElo "2128"]
[PlyCount "69"]


1. d4 d5 2. c4 e5 3. dxe5 d4 4. Nf3 Nc6 5. g3 Bg4 6. Bg2 Qd7 7. O-O O-O-O 8.
Nbd2 Nge7 9. Qa4 Ng6 10. b4 a6 11. b5 Ncxe5 12. Nxe5 Nxe5 13. Qa5 13... Nxc4 { 
} 14. Bxb7+ Kxb7 15. Nxc4 Qxb5 16. Rb1 Qxb1 17. Bf4 Qxf1+ 18. Kxf1 Bh3+ 19. Ke1
Rd7 20. Ne5 Rd6 21. Nxf7 Rb6 22. Qd5+ c6 23. Qh5 Rb1+ 24. Kd2 Be6 25. Nd8+ Ka8
26. Nxe6 Bb4+ 27. Kc2 Re1 28. Qf7 Rxe2+ 29. Kd3 Re1 30. Nc7+ Kb7 31. Nd5+ Be7
32. Nxe7 Kb6 33. Qb3+ Kc5 34. Qc4+ Kb6 35. Qb4+ 1-0

[Event "Graz op A"]
[Site "Graz"]
[Date "2001.09.07"]
[Round "7.22"]
[White "Zimmermann, Paul"]
[Black "Peisser, Manfred"]
[Result "1/2-1/2"]
[WhiteElo "2241"]
[BlackElo "2113"]
[PlyCount "40"]


1. d4 Nf6 2. c4 e6 3. Nf3 d5 4. Nc3 Be7 5. Bg5 O-O 6. e3 h6 7. Bh4 Ne4 8. Bxe7
Qxe7 9. cxd5 Nxc3 10. bxc3 exd5 11. Qb3 Rd8 12. c4 dxc4 13. Bxc4 Nc6 14. O-O
Na5 15. Qa4 Nxc4 16. Qxc4 Be6 17. Qc3 Bd5 18. Ne5 Re8 19. Nd3 b6 20. Nf4 20...
Bb7 { } 1/2-1/2

[Event "Graz op A"]
[Site "Graz"]
[Date "2001.09.07"]
[Round "7.23"]
[White "Perhinig, Robert"]
[Black "Huber, Adolf"]
[Result "1-0"]
[WhiteElo "2191"]
[BlackElo "2050"]
[PlyCount "61"]


1. d4 d5 2. Bf4 e6 3. e3 a6 4. Nf3 Nf6 5. Bd3 c5 6. c3 Nc6 7. O-O Bd6 8. Bg3
O-O 9. Nbd2 cxd4 10. exd4 b5 11. Re1 Bb7 12. Ne5 Ne7 13. Ndf3 Ne4 14. Nd2 f5
15. f3 Nxg3 16. hxg3 Rf6 17. f4 Bxe5 18. Rxe5 Nc6 19. Re3 Rg6 20. Qe2 Bc8 { }
21. Bxf5 21... exf5 22. Re8+ Kf7 23. Rxd8 Nxd8 24. Nf3 Rf6 25. Re1 Kg8 26. Qe5
Be6 27. Ng5 Nf7 28. Qc7 Nxg5 29. fxg5 Rg6 30. Qc6 Rc8 31. Qxa6 1-0

[Event "Graz op A"]
[Site "Graz"]
[Date "2001.09.07"]
[Round "7.25"]
[White "Jahrer, Michael"]
[Black "Sulyok, Michael"]
[Result "1/2-1/2"]
[WhiteElo "2113"]
[BlackElo "2278"]
[PlyCount "62"]


1. d4 d6 2. e4 Nf6 3. Nc3 g6 4. Be2 Bg7 5. Be3 O-O 6. Qd2 c6 7. Bh6 b5 8. Bxg7
Kxg7 9. Qf4 b4 10. Nd1 e5 11. dxe5 dxe5 12. Qh4 Ba6 13. f3 13... Qa5 { } 14. c3
Rd8 15. Qf2 bxc3 16. Nxc3 Nbd7 17. Bxa6 Qxa6 18. Nge2 Nf8 19. O-O Rd2 20. b3
Rad8 21. Rfd1 Ne6 22. Rxd2 Rxd2 23. Qe1 Rd3 24. Rd1 Nd7 25. Nc1 Rxd1 26. Qxd1
Nd4 27. Na4 Qa5 28. Nd3 f6 29. h3 Nb6 30. Ndc5 Nxa4 31. Nxa4 Qb4 1/2-1/2

[Event "Graz op A"]
[Site "Graz"]
[Date "2001.09.07"]
[Round "7.26"]
[White "Bozinovic, Boban"]
[Black "Bachmayer, Josef"]
[Result "1/2-1/2"]
[WhiteElo "2099"]
[BlackElo "2170"]
[PlyCount "118"]


1. e4 d6 2. d4 g6 3. Nc3 Bg7 4. f4 c6 5. a4 Qb6 6. Nf3 Bg4 7. a5 Qd8 8. Be3 Nf6
9. Bd3 Na6 10. e5 dxe5 11. dxe5 Nd5 12. Nxd5 Qxd5 13. Bxa6 bxa6 14. O-O O-O 15.
h3 Bf5 16. Nd4 Be4 17. Qe2 c5 18. Nb3 c4 19. Nc5 Bf5 20. Rfd1 Qc6 21. Qxc4 h5
22. Qxa6 Qxa6 23. Nxa6 Bxc2 24. Rdc1 Rfc8 25. Nb4 Be4 26. Rxc8+ Rxc8 27. Bxa7
Rc4 28. Na2 Rc2 29. Bf2 Bh6 30. Nc3 Bc6 31. f5 gxf5 32. a6 Bf4 33. a7 Kg7 34.
g3 Bxe5 35. a8=Q Bxa8 36. Rxa8 Rxb2 37. Ra3 e6 38. Kf1 f4 39. gxf4 Bxf4 40. Ne2
Be5 41. Re3 Rb1+ 42. Kg2 Bc7 43. Rc3 Bb8 44. Be3 f5 45. Ng3 Kg6 46. Ne2 { }
46... e5 47. Rc6+ Kf7 48. Rh6 Rb2 49. Kf2 f4 50. Bc1 Rc2 51. Rxh5 Kg6 52. Rh4
Ba7+ 53. Kf3 e4+ 54. Kxe4 Rxe2+ 55. Kxf4 Rc2 56. Rg4+ Kf6 57. Be3 Bxe3+ 58.
Kxe3 Rc3+ 59. Kd2 Rxh3 1/2-1/2

[Event "Graz op A"]
[Site "Graz"]
[Date "2001.09.07"]
[Round "7.28"]
[White "Ferrari, Josef"]
[Black "Wagner, Stephan"]
[Result "1-0"]
[WhiteElo "2141"]
[BlackElo "2100"]
[PlyCount "89"]


1. d4 d5 2. Nf3 c6 3. g3 e6 4. Bg2 Bd6 5. O-O f5 6. c4 Nf6 7. Qc2 Ne4 8. Nbd2
O-O 9. b3 Nd7 10. Bb2 Qe8 11. Ne5 Qh5 12. e3 Ndf6 13. Ndf3 Ng4 14. h3 Ngf6 15.
Nd3 h6 16. Nfe5 Bxe5 17. dxe5 Nd7 18. Nf4 Qe8 19. Bf3 g6 20. Kg2 Kh7 21. Be2
Nb6 22. f3 Ng5 23. h4 Nf7 24. Rad1 Bd7 25. Bd3 Qe7 26. h5 Nh8 27. hxg6+ Nxg6
28. Nh5 Qg5 29. Rh1 Qxe3 30. Rde1 Qc5 31. Nf6+ Kg7 32. Qc1 32... Rh8 { } 33.
Bxf5 exf5 34. e6 d4 35. Nxd7 Nxd7 36. exd7 Qd6 37. Re8 f4 38. c5 Qxd7 39. Re4
Kh7 40. Rxd4 Qf7 41. g4 Rhe8 42. Rd6 Re2+ 43. Kf1 Re3 44. Kf2 Qe7 45. Rxh6+ 1-0

[Event "Graz op A"]
[Site "Graz"]
[Date "2001.09.07"]
[Round "7.30"]
[White "Spirk, Stefan"]
[Black "Schein, Karl-Heinz"]
[Result "1/2-1/2"]
[WhiteElo "2080"]
[BlackElo "2240"]
[PlyCount "61"]


1. c4 f5 2. Nc3 Nf6 3. g3 g6 4. Bg2 Bg7 5. e3 O-O 6. Nge2 e5 7. d4 d6 8. b3 Nc6
9. Ba3 e4 10. Rc1 a5 11. Nd5 Bd7 12. Qd2 g5 13. f3 exf3 14. Nxf6+ Qxf6 15. Bxf3
Rae8 16. O-O Qg6 17. Kh1 Re7 18. Nc3 Be8 19. Nd5 Ref7 20. Bb2 Kh8 21. a3 h5 22.
Rce1 Qh6 23. h4 a4 24. b4 Ne7 25. hxg5 Qxg5 26. Qh2 Nxd5 27. Bxd5 Bc6 28. Bxc6
bxc6 29. Rf4 Kh7 30. Bc1 Qg6 31. Rh4 { } 1/2-1/2